000 00427nam a2200133 a 4500
001 000033989
005 20200930070700.0
008 110919s1892 fr 000 0 spa d
040 _aDO-SdBNP
_bspa
_cBNPHU
100 1 _aSaunders, Frederick,
_d1807-1902.
_959444
245 1 0 _aThe story of the discovery of the new world by Columbus /
_cFrederick Saunders.
260 _aLondon :
_bElliot Stock,
_c1892.
300 _a145 p. ;
_c23 cm.
999 _c33480
_d33480